Pathway to Peace Prasanthi/ (Record no. 186145)

MARC details
000 -LEADER
fixed length control field 00506nam a22001817a 4500
005 - DATE AND TIME OF LATEST TRANSACTION
control field 20220215125844.0
010 ## - LCCN (DPL NO)
LC control number ENG-131593
020 ## - INTERNATIONAL STANDARD BOOK NUMBER
International Standard Book Number 9789350692790
Terms of availability 65.00
035 ## - SYSTEM CONTROL NUMBER
System control number EN-115125
037 ## - SOURCE OF ACQUISITION
Source of stock number/acquisition DBAD
082 ## - DEWEY DECIMAL CLASSIFICATION NUMBER
Classification number 230.35
100 ## - MAIN ENTRY--PERSONAL NAME
Personal name Kasturi, N.
245 ## - TITLE STATEMENT
Title Pathway to Peace Prasanthi/
Statement of responsibility, etc N. Kasturi
260 ## - PUBLICATION, DISTRIBUTION, ETC. (IMPRINT)
Place of publication, distribution, etc Nilayam
Name of publisher, distributor, etc Sri Sathya Sai Sadhana Trust
Date of publication, distribution, etc 2017
270 ## - ADDRESS
Address Prasanthi Nilayam
City Nilayam
Postal code 515134
300 ## - PHYSICAL DESCRIPTION
Extent 115p.
Dimensions 22cm(pbk)
942 ## - ADDED ENTRY ELEMENTS (KOHA)
Source of classification or shelving scheme Dewey Decimal Classification
Item type English Books
Classification part 230.35
Call number suffix KAS
Holdings
Withdrawn status Lost status Not for loan Collection code Home library Current library Date acquired Source of acquisition Cost, normal purchase price Full call number Barcode Copy number Cost, replacement price Koha item type
      Non-fiction Bawana Bawana 15/02/2022 DBAD/PUB 65.00 230.35 KAS EN-115125 1 65.00 English Books

© Delhi Public Library
Hit Counter
free hit counter